| 000 | 00501nam a2200145 4500 | ||
|---|---|---|---|
| 999 |
_c11023 _d11023 |
||
| 008 | 181008b ||||| |||| 00| 0 eng d | ||
| 022 | _a2094-8042 | ||
| 082 | _aDPer 370.105 M72 Jan-Dec 2011 v59-60 | ||
| 100 |
_931977 _aLuna, Gabriel L. |
||
| 245 |
_aWhy do we practice gift-giving during christmas?/ _cGabriel L. Luna. |
||
| 260 |
_aPhilippines: _bIn the Grade School, Inc., _cc2011. |
||
| 300 |
_av60 n7, pages 284-285: _billustrations; _c27cm. |
||
| 650 | 0 |
_931978 _aChristmas. |
|
| 942 |
_2ddc _cPER |
||